| 000 | 00430nam a2200145 a 4500 | ||
|---|---|---|---|
| 001 | 1972 | ||
| 003 | CDMR | ||
| 005 | 20130116135222.0 | ||
| 008 | 130130s1969||||||||||||||||||||||||||||d | ||
| 040 |
_aCDMR _bcat _cCDMR |
||
| 100 | 1 |
_aDomingo Pamies, José Oriol _91475 |
|
| 245 | 1 | 3 |
_aLa cuestión social y la ortodoxia católica en el Dr. Angel Carbonell (1877-1940) _cJosé-Oriol Domingo Pamies |
| 260 |
_aBarcelona _c1969 |
||
| 942 | _cTSN | ||
| 999 |
_c1972 _d1972 |
||